000
00285nam a2200121Ia 4500
008
220216s9999 xx 000 0 und d
100
_a
Mathew S
245
0
_a
Aarogyaparipalanathinu rubber paalum
260
_b
Rubber
_c
2011
300
_a
20
650
_a
Rubber products
942
_c
BS
999
_c
51222
_d
51222